| 000 | 00654nam a2200265Ia 4500 | ||
|---|---|---|---|
| 001 | Para_9335 | ||
| 003 | CHAP | ||
| 008 | 220125s2002 xx 000 0 und d | ||
| 010 | _a207940 | ||
| 040 | _cCHAP | ||
| 082 | _a595.182 L4 | ||
| 100 |
_aLee, Donald L. _9174391 |
||
| 245 |
_aThe biology of nematodes / _c by Donald L. Lee |
||
| 260 |
_aBoca Raton : _b CRC Press |
||
| 300 | _a635 p. | ||
| 503 | _aI.234799 (ej.1) | ||
| 650 |
_aNemátodos _980819 |
||
| 901 | _a595.182 L4 | ||
| 902 | _aM | ||
| 905 | _a0000002002 anm 0000000000 00 | ||
| 910 | _a2002 | ||
| 942 | _cPARA | ||
| 942 |
_cPARA _d1 |
||
| 999 |
_c207940 _d207940 |
||